Asamiya chutigalpa (Record no. 9711)

MARC details
000 -LEADER
fixed length control field 00495cam a2200193ua 4500
008 - FIXED-LENGTH DATA ELEMENTS--GENERAL INFORMATION
fixed length control field 190330n ii |||gr||||Z||||||asm
020 ## - INTERNATIONAL STANDARD BOOK NUMBER
International Standard Book Number 9788192317205
040 ## - CATALOGING SOURCE
Transcribing agency MAIN
041 ## - LANGUAGE CODE
-- asm
082 ## - DEWEY DECIMAL CLASSIFICATION NUMBER
Classification number 891.4513
245 ## - TITLE STATEMENT
Title Asamiya chutigalpa
Remainder of title oitijya aru bibartan
250 ## - EDITION STATEMENT
Edition statement 1st ed.
260 ## - PUBLICATION, DISTRIBUTION, ETC.
Place of publication, distribution, etc. Jorhat:
Name of publisher, distributor, etc. Jorhat Kendriya Mahavidyalaya publication cell,
Date of publication, distribution, etc. 2012.
300 ## - PHYSICAL DESCRIPTION
Extent 720p.
700 ## - ADDED ENTRY--PERSONAL NAME
Personal name Apurba Bora,
Relator term
942 ## - ADDED ENTRY ELEMENTS (KOHA)
Koha item type Books
653 ## - INDEX TERM--UNCONTROLLED
Uncontrolled term Assamese short story
Holdings
Withdrawn status Lost status Damaged status Not for loan Home library Current library Shelving location Date acquired Total Checkouts Full call number Barcode Date last seen Date last checked out Copy number Price effective from Koha item type
        Central Library, Naharkatiya College Central Library, Naharkatiya College General Stacks 19/09/2020 9 891.4513Assamese short story | ASA 24374 21/02/2025 27/01/2025 1 19/09/2020 Books
        Central Library, Naharkatiya College Central Library, Naharkatiya College General Stacks 19/09/2020 4 891.4513Assamese short story | ASA 24375 29/11/2022 15/11/2022 2 19/09/2020 Books

Naharkatiya College © 2020. All rights reserved.

Powered By